000 01928nam a22002897a 4500
005 2011121400300.0
010 _aB-468802-807
020 _a9788179932414
_c75.00
035 _aB-468802-807
037 _aBlue Berry/Ven
082 _a599.67
100 _aMukherjee, Vijita
_950551
245 _aLife cycle of an elephant :
_cby Vijita Mukherjee; edited by Anupama Jauhry
_bgrow with me /
260 _aNew Delhi
_bTeri Press
_c2011
270 _aDarbari Seth Block, IHC Complex, Lodhi Road
_bNew Delhi
_e110003
300 _a16p.
_bcol.ill
_c23cm(pbk)
490 _aCircle of life; edited by Arshi Ahmad
_950552
700 _a Jauhry, Anupama
_936910
942 _2ddc
_cCH
_mMUK
_h599.67
999 _c59444
_d59444